Falcons Yearly Receiving Yard Leaders - Statistics

General Stats
  • This quiz has been taken 30 times
  • The average score is 21 of 59
Answer Stats
Year Yards Player % Correct
2015 1,871 Julio Jones
100%
2018 1,677 Julio Jones
100%
2014 1,593 Julio Jones
100%
2017 1,444 Julio Jones
100%
2016 1,409 Julio Jones
100%
2019 1,394 Julio Jones
100%
2024 1,271 Drake London
79%
2023 905 Drake London
79%
2022 866 Drake London
79%
2010 1,389 Roddy White
75%
2008 1,382 Roddy White
75%
2012 1,351 Roddy White
75%
2011 1,296 Roddy White
75%
2007 1,202 Roddy White
75%
2009 1,153 Roddy White
75%
2020 1,374 Calvin Ridley
54%
2021 1,026 Kyle Pitts
50%
1981 1,358 Alfred Jenkins
38%
1980 1,035 Alfred Jenkins
38%
1975 767 Alfred Jenkins
38%
1976 710 Alfred Jenkins
38%
1977 677 Alfred Jenkins
38%
1993 1,242 Andre Rison
38%
1990 1,208 Andre Rison
38%
1992 1,119 Andre Rison
38%
1994 1,342 Terance Mathis
38%
1999 1,016 Terance Mathis
38%
2001 564 Terance Mathis
38%
2005 877 Alge Crumpler
29%
2006 780 Alge Crumpler
29%
2004 774 Alge Crumpler
29%
2013 1,067 Harry Douglas
29%
2003 838 Peerless Price
25%
1985 830 Billy Johnson
21%
1986 918 Charlie Brown
17%
1991 1,122 Michael Haynes
17%
1997 991 Bert Emmanuel
13%
1996 921 Bert Emmanuel
13%
1995 1,189 Eric Metcalf
13%
2000 822 Shawn Jefferson
13%
1998 1,181 Tony Martin
13%
1982 503 William Andrews
13%
2002 838 Brian Finnerman
4%
1987 600 Floyd Dixon
4%
1970 650 Jim Mitchell
4%
1988 570 John Settle
4%
1971 741 Ken Burrow
4%
1973 567 Ken Burrow
4%
1974 545 Ken Burrow
4%
1989 862 Shawn Collins
4%
1984 1,138 Stacey Bailey
4%
1983 881 Stacey Bailey
4%
1979 1,013 Wally Francis
4%
1978 695 Wally Francis
4%
1966 661 Alex Hawkins
0%
1972 585 Art Malone
0%
1968 484 Bob Long
0%
1969 834 Paul Flatley
0%
1967 436 Tommy McDonald
0%
No matching quizzes found
Score Distribution
Percent of People with Each Score
Percentile by Number Answered
Your Score History
You have not taken this quiz